<Le> Micro-Robert Poche Dictionnaire d'apprentissage de la langue francaise
Na minha lista:
| Formato: | Livro |
|---|---|
| Idioma: | francês |
| Publicado em: |
Paris
Le Robert
1988
|
| Edição: | 1. éd. |
| Tags: |
Sem tags, seja o primeiro a adicionar uma tag!
|
MARC
| LEADER | 00000nam a2200000 4500 | ||
|---|---|---|---|
| 001 | c035003 | ||
| 005 | 20221206134406.1 | ||
| 041 | 0 | |a fre | |
| 044 | |a FR | ||
| 245 | 1 | 0 | |a <Le> Micro-Robert Poche |b Dictionnaire d'apprentissage de la langue francaise |
| 250 | |a 1. éd. | ||
| 264 | 1 | |a Paris |b Le Robert |c 1988 | |
| 300 | |a 1376 s. | ||